L'heure du jugement : le système électoral américain en question (notice n° 1631233)

détails MARC
000 -LEADER
fixed length control field 01720cam a2200169 4500500
005 - DATE AND TIME OF LATEST TRANSACTION
control field 20260111104949.0
041 ## - LANGUAGE CODE
Language code of text/sound track or separate title fre
042 ## - AUTHENTICATION CODE
Authentication code dc
100 10 - MAIN ENTRY--PERSONAL NAME
Personal name Vallet, Élisabeth
Relator term author
245 00 - TITLE STATEMENT
Title L'heure du jugement : le système électoral américain en question
260 ## - PUBLICATION, DISTRIBUTION, ETC.
Date of publication, distribution, etc. 2005.<br/>
500 ## - GENERAL NOTE
General note 51
520 ## - SUMMARY, ETC.
Summary, etc. RésuméLa réélection de George W. Bush donnerait le sentiment que l’imbroglio juridique de 2000 est désormais bien loin. Tel n’est pourtant pas le cas et, vu les problèmes observés en 2004, les élections de 2008 pourraient être le théâtre d’une nouvelle guérilla juridique. En dépit des velléités affichées par les législateurs d’améliorer le Help America Vote Act, la réforme électorale ne figure pas au premier rang des priorités des législatures - fédérées et fédérale. Les observateurs sont pourtant unanimes: telle est la clé d’une démocratie plus juste, d’un État plus impartial.
520 ## - SUMMARY, ETC.
Summary, etc. The reelection of George W. Bush in 2004 shows that the 2000 presidential election debacle seems now quite distant. However, many unsolved problems remain this second time around, and it is doubtful that the elections of 2008 will dissipate a number of pending and troubling complex legal issues that need to be better dealt with. Although neither states legislatures nor the federal Congress admit to the urgency of electoral reform as the key to better democracy, it is a conclusion that most commentators seem to be drawing from the experience of 2000 and 2004.
786 0# - DATA SOURCE ENTRY
Note Politique américaine | 2 | 2 | 2005-06-01 | p. 79-90 | 1771-8848
856 41 - ELECTRONIC LOCATION AND ACCESS
Uniform Resource Identifier <a href="https://shs.cairn.info/revue-politique-americaine-2005-2-page-79?lang=fr&redirect-ssocas=7080">https://shs.cairn.info/revue-politique-americaine-2005-2-page-79?lang=fr&redirect-ssocas=7080</a>

Pas d'exemplaire disponible.

PLUDOC

PLUDOC est la plateforme unique et centralisée de gestion des bibliothèques physiques et numériques de Guinée administré par le CEDUST. Elle est la plus grande base de données de ressources documentaires pour les Étudiants, Enseignants chercheurs et Chercheurs de Guinée.

Adresse

627 919 101/664 919 101

25 boulevard du commerce
Kaloum, Conakry, Guinée

Réseaux sociaux

Powered by Netsen Group @ 2025